Reeds maritime meteorology / (Record no. 196)

000 -LEADER
fixed length control field 00403 a2200145 4500
008 - FIXED-LENGTH DATA ELEMENTS--GENERAL INFORMATION
fixed length control field 220322b ||||| |||| 00| 0 eng d
020 ## - INTERNATIONAL STANDARD BOOK NUMBER
International Standard Book Number 9781408112069
082 00 - DEWEY DECIMAL CLASSIFICATION NUMBER
Classification number 551.509162
Item number C818
100 ## - MAIN ENTRY--PERSONAL NAME
Personal name Cornish, Maurice
245 ## - TITLE STATEMENT
Title Reeds maritime meteorology /
260 ## - PUBLICATION, DISTRIBUTION, ETC. (IMPRINT)
Place of publication, distribution, etc London:
Name of publisher, distributor, etc Adlard Coles Nautical,
Date of publication, distribution, etc 2018.
300 ## - PHYSICAL DESCRIPTION
Extent 3rd ed.
650 #0 - SUBJECT ADDED ENTRY--TOPICAL TERM
Topical term or geographic name as entry element Marine Meteorology
942 ## - ADDED ENTRY ELEMENTS (KOHA)
Source of classification or shelving scheme
Item type Books
Holdings
Withdrawn status Lost status Source of classification or shelving scheme Damaged status Not for loan Permanent location Current location Date acquired Source of acquisition Cost, normal purchase price Full call number Barcode Date last seen Cost, replacement price Koha item type
          IMU Kolkata IMU Kolkata 2019-09-16 Sterling Book House 2037.46 551.509162 C818 13208 2019-09-16 2716.63 Books
          IMU Kolkata IMU Kolkata 2019-09-16 Sterling Book House 2037.46 551.509162 C818 13209 2019-09-16 2716.63 Books
          IMU Kolkata IMU Kolkata 2019-09-16 Sterling Book House 2037.46 551.509162 C818 13210 2019-09-16 2716.63 Books
          IMU Kolkata IMU Kolkata 2019-09-16 Sterling Book House 2037.46 551.509162 C818 13211 2019-09-16 2716.63 Books
Designed and Maintained by IMU-KC Library, Kolkata Campus © Copyright All Rights Reserved

webs counters

Powered by Koha